Statistics for Movies that Start with A

Click here to take the quiz!

General Stats

  • This quiz has been taken 32,867 times
    (9,827 since last reset)
  • The average score is 11 of 18

Answer Stats

DescriptionMovie% Correct
Redheaded orphan leaves her hard knock life behind when she is adopted by a zillionaireAnnie
84%
Space miners encounter an extraterrestrial life form that kills all but one of themAlien
84%
Swingin' super spy is thawed to combat his former nemesisAustin Powers
82%
Man helps blue space aliens to overcome an evil human mining corporationAvatar
76%
People try to catch a giant Amazonian snake with predictable resultsAnaconda
76%
Blue-collar oil drillers are the only people who can save Earth from a killer asteroidArmageddon
73%
18th century musical genius is driven to his death by a jealous rivalAmadeus
73%
Wall Street man has great business cards and a lust to killAmerican Psycho
57%
Eccentric aviation pioneer builds a giant wooden plane and does other eccentric thingsAviator, the
56%
Fake film crew rescues hostages from IranArgo
56%
Detective hunts down a disgruntled kicker who has stolen the Miami Dolphins mascotAce Ventura
54%
A modern-day remake of "Heart of Darkness", set during the Vietnam WarApocalypse Now
53%
Fraternity brothers battle an evil dean who doesn't like their toga parties and bad gradesAnimal House
49%
Dunking dog wins the championship gameAir Bud
47%
Manic pixie dream girl uses elaborate pranks to help her fellow
Parisians and, just maybe, find true love
Amélie
47%
Family is tormented by an evil house that is built on a tribal burial groundAmityville Horror, the
41%
Teenager travels with a famous rock band in order to write a story for Rolling StoneAlmost Famous
34%
Mob boss who is not Tony Soprano needs psychiatric help to deal with his panic attacksAnalyze This
30%

Score Distribution

Percentile by Number Answered

Percent of People with Each Score

Your Score History

You have not taken this quiz since the last reset